00749 a2200193 4500020001500000020001800015082001200033090001500045100001600060245012300076260005100199300002100250490006300271700002100334830006300355942002600418999001700444952009400461 a0198501668 a978019850166404a514.742 c1363d13631 aDavid, Guy.10aFractured fractals and broken dreams :bself-similar geometry through metric and measure /cGuy David, Stephen Semmes. a[S.l.] :bOxford University Press, USA,c1997. a224 p. ;c24 cm.1 aOxford lecture series in mathematics and its applications.1 aSemmes, Stephen. 0aOxford lecture series in mathematics and its applications. aSNScBKk514.742 DAV c29975d29975 00104070aSNSbSNSd2016-05-26l0o514.742 DAVpSNS0000506r2022-11-22w2016-05-26yBK